Le pélerinage et le choléra au Hedjaz (Record no. 54795)

MARC details
000 -LEADER
campo de control de longitud fija 00627nam a2200205 i 4500
001 - NÚMERO DE CONTROL
campo de control 54795
003 - IDENTIFICADOR DE NÚMERO DE CONTROL
campo de control ES-MaACL
005 - FECHA Y HORA DE LA ÚLTIMA TRANSACCIÓN
campo de control 20250901032925.0
007 - CAMPO FIJO DE DESCRIPCIÓN FÍSICA--INFORMACIÓN GENERAL
campo de control de longitud fija t|
008 - DATOS DE LONGITUD FIJA--INFORMACIÓN GENERAL
campo de control de longitud fija 960729s1883 tu ||||1| fre d
040 ## - FUENTE DE CATALOGACIÓN
Centro catalogador/agencia de origen CAM
Lengua de catalogación spa
Centro/agencia transcriptor CAM
100 1# - ENTRADA PRINCIPAL--NOMBRE DE PERSONA
Nombre de persona Gabuzzi, G.
9 (RLIN) 53173
245 13 - MENCIÓN DEL TÍTULO
Título Le pélerinage et le choléra au Hedjaz
Resto del título : ineficacité des quarantaines dans la Mer Rouge /
Mención de responsabilidad, etc. par G. Gabuzzi.
260 ## - PUBLICACIÓN, DISTRIBUCIÓN, ETC.
Lugar de publicación, distribución, etc. Constantinople :
Nombre del editor, distribuidor, etc. [s.n.],
Fecha de publicación, distribución, etc. 1883.
300 ## - DESCRIPCIÓN FÍSICA
Extensión 15 p. ;
Dimensiones 24 cm.
650 #7 - PUNTO DE ACCESO ADICIONAL DE MATERIA--TÉRMINO DE MATERIA
Término de materia o nombre geográfico como elemento de entrada Cólera
Fuente del encabezamiento o término embne
9 (RLIN) 11143
650 #4 - PUNTO DE ACCESO ADICIONAL DE MATERIA--TÉRMINO DE MATERIA
Término de materia o nombre geográfico como elemento de entrada Peregrinaciones-
Subdivisión geográfica La Meca.
9 (RLIN) 136678
852 ## - LOCALIZACIÓN
Ubicación ES-MaACL
Número de control de estantería T-383-F-11
Holdings
Estatus retirado Estado de pérdida Estado de daño No para préstamo Colección Biblioteca de origen Biblioteca actual Ubicación en estantería Fecha de adquisición Fuente de adquisición Total de préstamos Signatura topográfica completa Código de barras Visto por última vez Precio de reemplazo Tipo de ítem Koha
        Colección de folletos Biblioteca del Ateneo de Madrid Biblioteca del Ateneo de Madrid Depósito folletos 17/01/2008     T-383-F-11 1057578 23/02/2023 23/02/2023 Folleto